000 01074nam a2200265 a 4500
001 12626
003 BD-JhCC
005 20230712095931.0
008 221019s2021 bg |||| |||| 000 0 ban d
020 _a9789849511977
035 _a(BD-JhCC)12626
040 _aBD-JhCC
_dBD-JhCC
041 _aBengali
082 _a152.4
_bBRA 2021
100 _aব্রাডবেরি, ট্রাভিস
245 _aইমোশনাল ইন্টেলিজেন্স ২.০ /
_cট্রাভিস ব্রাডবেরি ও জিন গ্রিভস; ইরফানুর রহমান রিফাত (অনু.)
260 _aঢাকা :
_bশব্দশৈলী,
_c২০২১
300 _a১৪১ পৃ. :
_bচিত্রাবলী সংযোজিত,
_c২১ সেমি.
650 _aEmotional intelligence
650 _aPersonality development
650 _aEmotions--Social aspects
700 _aগ্রিভস, জিন
700 _aরিফাত, ইরফানুর রহমান
942 _2ddc
_cBK
999 _c12626
_d12626